000 01638nam a2200313Ia 4500
001 ebr10038718
003 CaPaEBR
006 m u
007 cr cn|||||||||
008 020701s2002 dcua sb 001 0 eng d
020 _z0309084520
040 _aCaPaEBR
_cCaPaEBR
035 _a(OCoLC)56118171
050 1 4 _aUG447
_b.S98 2002eb
245 0 0 _aSystems and technologies for the treatment of non-stockpile chemical warfare materiel
_h[electronic resource] /
_cCommittee on Review and Evaluation of the Army Non-Stockpile Chemical Materiel Disposal Program, Board on Army Science and Technology, Division on Engineering and Physical Sciences, National Research Council.
260 _aWashington, D.C. :
_bNational Academy Press,
_cc2002.
300 _axvi, 124 p. :
_bill.
504 _aIncludes bibliographical references and index.
533 _aElectronic reproduction.
_bPalo Alto, Calif. :
_cebrary,
_d2009.
_nAvailable via World Wide Web.
_nAccess may be limited to ebrary affiliated libraries.
536 _a"This is a report of work supported by Contract DAAD19-01-C-008 between the U.S. Army and the National Academy of Sciences"--T.p. verso
650 0 _aChemical weapons disposal
_zUnited States.
650 0 _aExplosive ordnance disposal.
650 0 _aHazardous wastes
_xIncineration
_zUnited States.
650 0 _aChemical agents (Munitions)
655 7 _aElectronic books.
_2local
710 2 _aebrary, Inc.
730 0 _aNational Academies Press (Online publications)
856 4 0 _uhttp://site.ebrary.com/lib/rucke/Doc?id=10038718
_zAn electronic book accessible through the World Wide Web; click to view
999 _c57040
_d57040